Normal view
MARC view
- Athale Shruti S - 2k131117; Prof.Arpita Singh - Guide & [Company Name] - Bhart Forge Ltd
Entry Personal Name
001 - CONTROL NUMBER
- control field: 103248
003 - CONTROL NUMBER IDENTIFIER
- control field: OSt
005 - DATE AND TIME OF LATEST TRANSACTION
- control field: 20221007220509.0
008 - FIXED-LENGTH DATA ELEMENTS
- fixed length control field: 221007|| aca||aabn | a|a d
040 ## - CATALOGING SOURCE
- Original cataloging agency: OSt
- Transcribing agency: OSt
100 ## - HEADING--PERSONAL NAME
- Personal name: Athale Shruti S - 2k131117; Prof.Arpita Singh - Guide & [Company Name] - Bhart Forge Ltd
670 ## - SOURCE DATA FOUND
- Source citation: Work cat.: (OSt)73609: Athale Shruti S - 2k131117; Prof.Arpita Singh - Guide & [Company Name] - Bhart Forge Ltd, Training Need Analysis & Indification at Bhart Forge LTD, Sep-14